Indonesia industrial directory 2007/2008.
| Format: | Book |
|---|---|
| Published: |
Jakarta Utara:
Look,
2007.
|
| Edition: | 2007/2008 ed. |
| Subjects: |
| LEADER | 00523cam a2200169 7i4500 | ||
|---|---|---|---|
| 001 | 0000021063 | ||
| 005 | 20080404090000.0 | ||
| 022 | 0 | 0 | |a 1410-7929 |
| 090 | 0 | 0 | |a INDO 338.7025 |b IND |
| 245 | 0 | 0 | |a Indonesia industrial directory 2007/2008. |
| 250 | 0 | 0 | |a 2007/2008 ed. |
| 260 | 0 | 0 | |a Jakarta Utara: |b Look, |c 2007. |
| 300 | # | # | |a 553 p. |
| 650 | 0 | 0 | |a Business -- |x Directories -- |z Indonesia |
| 650 | 0 | 0 | |a Industries -- |x Directories -- |z Indonesia |
| 651 | 0 | 0 | |a Indonesia |
| 999 | |a 0000021579 |b Directories |c Countries |e Business Information Centre | ||